000 00961nas a2200289 4500
001 BR9100195
003 BR-BrBNA
005 20231205091855.0
007 ta
008 230509b bl.|||p| |||| 00| 00por d
040 _aBR-BrBNA
_bpor
_cBiblioteca Nacional de Agricultura
041 _a(Pt)
072 _aQ55
100 1 _aPott, E.B.
100 1 _aTullio, R.R.
100 1 _aAlmeida, I.L. de
100 1 _aBrum, P.A.R. de
100 1 _aSouza, J.C. de
245 1 _aDesempenho reprodutivo de bovinos na sub-regiao dos paiaguas do Pantanal Mato-Grossense; 2. efeito da suplementacao mineral sobre indices reprodutivos de novilhas
650 _aBOVINO
650 _aSUPLEMENTO MINERAL
650 _aEFICIENCIA REPRODUTIVA
650 _aMATO GROSSO
773 0 _tPesquisa Agropecuaria Brasileira (Brazil)
_xISSN 0100-204X
_g(Nov-Dec 1987), v. 22(11-12) p. 1265-1277
_wBR9100195
909 _a202311
_bLúcia
_c55
_dLúcia Elande
942 _2AGRIS
_n0
_cANA
999 _c127886
_d127886